000 00818cam a2200241 4500
008 010823n1995 000 0 eng u
020 _a0442019211
035 _a(Sirsi) u120185
041 _aeng.
050 _a729.28
100 _aAnder, G.
245 _aDaylighting performance and design
260 _aLondon
_bInternational Thompson Publishing
_c1995
300 _axiii,241p.
_c30cm.
350 _a60
520 _aA step-by-step guide to incorporating natural light with architectural design. Presents numerous case studies in a design-manual format that includes ample illustrations.
650 _aDAYLIGHT
650 _aINSTALLATION
650 _aLIGHTING
650 _aBUILT ENVIRONMENT-BUILDING MAINTENANCE AND REFURBISHMENT
690 _aBUILT ENVIRONMENT-CONSTRUCTION DESIGN
942 _n0
999 _c102501
_d102501